Normal view
MARC view
- International Centre for Study of Bengal Art
Entry Corporate Name
001 - CONTROL NUMBER
- control field: 90396
003 - CONTROL NUMBER IDENTIFIER
- control field: NUST
005 - DATE AND TIME OF LATEST TRANSACTION
- control field: 20220307150056.0
008 - FIXED-LENGTH DATA ELEMENTS
- fixed length control field: 220307|| aca||aabn | a|a d
040 ## - CATALOGING SOURCE
- Original cataloging agency: NUST
- Transcribing agency: NUST
110 ## - HEADING--CORPORATE NAME
- Corporate name or jurisdiction name as entry element: International Centre for Study of Bengal Art
670 ## - SOURCE DATA FOUND
- Source citation: Work cat.: (NUST)0: Siddiq, Mohammad Yusuf. 90388, Historical and cultural aspects of the Islamic inscriptions of Bengal :, 2009.
